Programming and problem solving with C++ / (Record no. 143)
[ view plain ]
| 000 -LEADER | |
|---|---|
| fixed length control field | 00912cac a22002775a 4500 |
| 008 - FIXED-LENGTH DATA ELEMENTS--GENERAL INFORMATION | |
| fixed length control field | 150813t2005 mauad||f |||| 001 0 eng d |
| 010 ## - LIBRARY OF CONGRESS CONTROL NUMBER | |
| LC control number | 2004003715 |
| 020 ## - INTERNATIONAL STANDARD BOOK NUMBER | |
| International Standard Book Number | 0763707988 (pbk.) |
| 020 ## - INTERNATIONAL STANDARD BOOK NUMBER | |
| International Standard Book Number | 9780763707989 |
| 040 ## - CATALOGING SOURCE | |
| Original cataloging agency | EG-ScBUE |
| Language of cataloging | eng |
| Transcribing agency | EG-ScBUE |
| 082 04 - DEWEY DECIMAL CLASSIFICATION NUMBER | |
| Classification number | 005.133 |
| Item number | DAL |
| Edition number | 22 |
| 100 1# - MAIN ENTRY--PERSONAL NAME | |
| Personal name | Dale, Nell B. |
| 245 10 - TITLE STATEMENT | |
| Title | Programming and problem solving with C++ / |
| Statement of responsibility, etc | Nell Dale, Chip Weems. |
| 250 ## - EDITION STATEMENT | |
| Edition statement | 4th ed. |
| 260 ## - PUBLICATION, DISTRIBUTION, ETC. (IMPRINT) | |
| Place of publication, distribution, etc | Boston : |
| Name of publisher, distributor, etc | Jones and Bartlett Publishers, |
| Date of publication, distribution, etc | c 2005. |
| 300 ## - PHYSICAL DESCRIPTION | |
| Extent | xxix, 1119 : |
| Other physical details | ill,col ; |
| Dimensions | 24 cm. |
| 500 ## - GENERAL NOTE | |
| General note | index 1088-1119. |
| 590 ## - LOCAL NOTE (RLIN) | |
| Local note | Mustafa Galal. |
| 650 #0 - SUBJECT ADDED ENTRY--TOPICAL TERM | |
| Topical term or geographic name as entry element | C++ (Computer program language) |
| Source of heading or term | BUEsh |
| 651 ## - SUBJECT ADDED ENTRY--GEOGRAPHIC NAME | |
| Source of heading or term | BUEsh |
| 653 ## - INDEX TERM--UNCONTROLLED | |
| Resource For college | Informatics and Computer Science |
| Arrived date list | August2015 |
| 655 ## - INDEX TERM--GENRE/FORM | |
| Form subdivision | |
| -- | 33728 |
| 700 1# - ADDED ENTRY--PERSONAL NAME | |
| Personal name | Weems, Chip. |
| 9 (RLIN) | 13146 |
| 856 41 - ELECTRONIC LOCATION AND ACCESS | |
| Materials specified | Table of contents |
| Uniform Resource Identifier | <a href="http://www.loc.gov/catdir/toc/ecip0415/2004003715.html">http://www.loc.gov/catdir/toc/ecip0415/2004003715.html</a> |
| 942 ## - ADDED ENTRY ELEMENTS (KOHA) | |
| Item type | |
| Call number prefix | 005.133D1391 |
| Source of classification or shelving scheme | Dewey Decimal Classification |
| Withdrawn status | Item status | Source of classification or shelving scheme | Damaged status | Not for loan | Home library | Current library | Shelving location | Date acquired | Source of acquisition | Total Checkouts | Total Renewals | Full call number | Barcode | Checked out | Date last seen | Date last borrowed | Cost, replacement price | Koha item type |
|---|---|---|---|---|---|---|---|---|---|---|---|---|---|---|---|---|---|---|
| Dewey Decimal Classification | Central Library | Central Library | Lower Floor | 30/01/2006 | 4 | 2 | 005.133 DAL | 000004613 | 18/12/2021 | 29/01/2009 | 29/01/2009 | 155.00 | Book - Borrowing | |||||
| Dewey Decimal Classification | Central Library | Central Library | Lower Floor | 30/01/2006 | 11 | 1 | 005.133 DAL | 000004612 | 15/07/2025 | 26/02/2019 | 155.00 | Book - Borrowing | ||||||
| Central Library | Central Library | Lower Floor | 06/02/2015 | Purchase | 11 | 43 | 005.133 DAL | 000004474 | 15/07/2025 | 26/02/2019 | 155.00 | Book - Borrowing | ||||||
| Central Library | Central Library | Lower Floor | 06/02/2015 | Purchase | 17 | 11 | 005.133 DAL | 000004473 | 15/07/2025 | 27/02/2018 | 155.00 | Book - Borrowing | ||||||
| Central Library | Central Library | Lower Floor | 06/02/2015 | Purchase | 15 | 24 | 005.133 DAL | 000004472 | 15/07/2025 | 09/05/2019 | 155.00 | Book - Borrowing |